Регионална библиотека "Любен Каравелов" - Русе

Die ersten Schritte des russischen Romanes (Запис номер 343746)

MARC детайли
000 -Лидер
Контролно поле с фиксирана дължина 01158nam a2200301 c 4500
003 - Код на организацията, давaща контролен номер
Контролно поле BLK
005 - Дата и час на последна редакция
Контролно поле 20221012125732.0
008 - Елементи от данни с фиксирана дължина
fixed length control field 180911b bul|||||r ||||||| ||bul||
010 ## - Наследен системен номер
LC control number 003407
040 ## - Източник на каталожния запис
Идентификатор на билиотеката - собственик на записа BLK
041 ## - Код за език
Код за езика на текст/звукозапис или на отделно заглавие Немски
Код за езика КДБФ Български
080 ## - УДК
УДК - код + определител 882-31(091)
100 1# - Редна дума - Автор
Автор Murko, Matthias
R(LIN) 397051
245 00 - Сведения за заглавието
Заглавие Die ersten Schritte des russischen Romanes
246 ## - Различни форми на заглавието
Паралелно заглавие Habilitation Vortrag
260 ## - Област на издателските данни
Място на издаване, разпространение и проч. Wien
Име на издателя, разпространителя и проч. Wiener Zeitung
Година на издаване 1897
300 ## - Физическа характеристика
Страници 21 с
Размери/Мащаб 17 см
380 ## - Жанр
Жанр Литературознание
490 ## - СЕРИИ (Колекции)
Име на серия Частна колекция - Академик Михаил Арнаудов
Бележки за серията Дарение - Основен фонд
500 ## - Общи забележки
Забележка Датиране на книгата : 7 IV 97Бележка : името на автора М. Мурко, което не е отбелязано в публикацията.; Extr. Weiner Zeitung : 9, 10 ян. 1897. Михаил Арнаудов: подпис
520 ## - Забележка за наличие на резюме, анотация и т.н
Анотация, рецензия, сканиран текст Михаил Арнаудов: негови-книганегови-книга
655 ## - Ключова дума – жанр/разновидност
Данни за жанр/разновидност или ключова дума за фокус Литературознание
700 1# - Други автори (авторска отговорност)
Лично име M. Murko
9 (RLIN) 399963
852 ## - Местоположение
Форматна сигнатура МА 3752
999 ## - СИСТЕМНИ КОНТРОЛНИ НОМЕРА
Koha biblionumber 343746
Koha biblioitemnumber 343746
942 ## - АРТИКУЛИ
Вид на библиотечния материал Книги
Скрит в OPAC Не
Периодичен библиозапис Да
944 ## - СЪЗДАВАНЕ И РЕДАКЦИЯ на ЗАПИСА
Създаване/Редакция Създаване
Дата на регистрацията/редакция 1994
999 ## - СИСТЕМНИ КОНТРОЛНИ НОМЕРА
Koha biblioitemnumber 343746
Наличности
Код за отписване Код за изгубен артикул Източник на класификационната схема Код за повреда Коз за рестрикции Код за отдаване Артикулен № Име на библиотеката - собственик Име на библиотеката, в която се намира в момента Статус (Текущо местоположение) Местоположение - отдел Цена в лева Номерация (Хронология) Инвентарен номер Систематично азбучна сигнатура Баркод Номер на екземпляра Цена в евро Служебен тип на артикула Бележка за публиката
  Не е изгубен Universal Decimal Classification Не е повреден без рестрикции Специални фондове ( старопечатни, редки и ценни, фонд М. Арнаудов) 744037 Регионална библиотека "Любен Каравелов" Русе Регионална библиотека "Любен Каравелов" Русе Фонд "Михаил Арнаудов" Фонд "Михаил Арнаудов" 10.00   587759 МА 3752 120000587759 1 5.11 Книги
Vip Innovations Ltd, Rousse, Bulgaria 2025